Introduction to chemical engineering thermodynamics (Record no. 554)
[ view plain ]
| 000 -LEADER | |
|---|---|
| fixed length control field | 00509nam a22001697a 4500 |
| 020 ## - ISBN | |
| International Standard Book Number | 9780071247085 |
| 050 ## - LIBRARY OF CONGRESS CALL NUMBER | |
| Classification Number | TP155.2 |
| Item Number | .T45 S58 2005 |
| 100 ## - MAIN ENTRY--Author | |
| Personal name | Smith, J. M. |
| 245 ## - TITLE | |
| Title | Introduction to chemical engineering thermodynamics |
| 250 ## - EDITIONSTATEMENT | |
| Edition statement | 7th Edition |
| Remainder of edition statement | International edition 2005 |
| 260 ## - PUBLICATION, DISTRIBUTION, ETC.(IMPRINT) | |
| Place of publication, distribution, etc | NewYork |
| Name of publisher, distributor, etc | Mc Graw Hill |
| Date of publication, distribution, etc | 2005 |
| 300 ## - PHYSICAL DESCRIPTION | |
| Extent | xviii, 817p. |
| 500 ## - GENERALNOTE | |
| General note | includes index, tables |
| 650 ## - SUBJECT--TOPIC | |
| Topical term following geographic name as entry element | Thermodynamics, Chemical engineering |
| Form subdivision | book |
| General subdivision | PBK |
| 700 ## - ADDED ENTRY--PERSONAL AUTHOR | |
| Personal Name | H.C Van Ness, M.M. Abot |
| 942 ## - ADDED ENTRY ELEMENTS(KOHA) | |
| Koha item type | General circulation |
| Source of classification or shelving scheme | Not for loan | Location (home branch) | Sublocation (holding branch) | Date accessioned | Cost, normal purchase price | Full call number | Barcode | Cost, replacement price | Nonpublic note | Koha item type | Public note |
|---|---|---|---|---|---|---|---|---|---|---|---|
| Library of Congress Classification | Main Campus Library | Main Campus Library | 07/08/2014 | 4954.65 | TP155.2 .T45 S58 2005 | 2019/024489 | 5454.00 | BONNIE | General circulation | ||
| Library of Congress Classification | Mtito Andei Centre Library | Mtito Andei Centre Library | 12/08/2014 | 4954.65 | TP155.2 .T45 S58 2005 | 007438 | 5454.00 | BONNIE | General circulation | BONNIE |